LEADER 01254nam 2200337 n 450 001 996385746903316 005 20200824121608.0 035 $a(CKB)4940000000071526 035 $a(EEBO)2240873251 035 $a(UnM)99839951e 035 $a(UnM)99839951 035 $a(EXLCZ)994940000000071526 100 $a19910122d1606 uy | 101 0 $alat 135 $aurbn||||a|bb| 200 00$aQuinti Horatii Flacci Poemata$b[electronic resource] $escholijs siue annotationibus, quę breuis commentarij vice esse possint a? Ioanne Bond illustrata 210 $aLondini $cExcudebat [R. Field for] Iohannes Norton, serenissimę Regi[a]e Maiestati in Latinis, Gręcis, & Hebraicis typographus$d1606 215 $a[12], 313, [1] p 300 $aA variant of the 1606 edition with George Bishop's name in the imprint, printed by R. Field (STC). 300 $aReproduction of the original in the Henry E. Huntington Library and Art Gallery. 330 $aeebo-0113 700 $aHorace$075513 701 $aBond$b John$f1550-1612.$021212 801 0$bCu-RivES 801 1$bCu-RivES 801 2$bCStRLIN 801 2$bWaOLN 906 $aBOOK 912 $a996385746903316 996 $aQuinti Horatii Flacci Poemata$92425057 997 $aUNISA